| 000 | 01190nam a22002537a 4500 | ||
|---|---|---|---|
| 999 |
_c6859 _d6859 |
||
| 003 | AR-CdUCM | ||
| 008 | 190319b ||||| |||| 00| 0 spa d | ||
| 020 | _a9972-47-098-9 | ||
| 040 |
_aMUNICIPALIDAD PROVINCIAL DEL CUSCO _cBIBLIOTECA MUNICIPAL DEL CUSCO |
||
| 082 |
_a333.7516 / _bL44 |
||
| 100 |
_aLeo, Mariella _919324 |
||
| 245 |
_aBosques, biodiversidad y medios de vida : _bconservar el bosque tropical, luchando contra la pobreza / |
||
| 260 |
_aLima : _bITDG, _c2002. |
||
| 300 |
_a40 páginas ; _bilustraciones, fotografías, _c30 cm. |
||
| 500 | _aAntes del título: Proyecto conservación y manejo comunitario de bosques tropicales en el Alto Mayo. | ||
| 505 | _aContenido: Historia del origen del proyecto a lo largo de su desarrollo -- Algunos logros importantes -- Estrategias y metodología aplicadas al proyecto -- Los beneficiarios y sus vivencias con el proyecto ... | ||
| 650 |
_aBosques y silvicultura _919325 |
||
| 650 |
_aIndustria de productos forestales _919326 |
||
| 650 |
_aBiodiversidad _919327 |
||
| 650 |
_aPerú - San Martín _919328 |
||
| 710 |
_aGrupo de Tecnología Intermedia para el Desarrollo (Lima) _919329 |
||
| 942 |
_2ddc _cLIBROS |
||
| 945 | _aachl | ||